[Event "Voronezh op-B 23rd"]
[Site "Voronezh"]
[Date "2019.06.20"]
[Round "9"]
[White "Zakharov, Timofey V"]
[Black "Kuznetsov, Aleksandr V"]
[Result "0-1"]
[WhiteElo "1627"]
[BlackElo "1219"]
[PlyCount "54"]
[EventDate "2019.06.12"]
[EventType "swiss"]
[EventRounds "9"]
[EventCountry "RUS"]
[SourceTitle "EXT 2020"]
[Source "ChessBase"]
[SourceDate "2019.10.17"]
[SourceVersion "1"]
[SourceVersionDate "2019.10.17"]
[SourceQuality "1"]

1. e4 e6 2. e5 c5 3. Nf3 Nc6 4. Bb5 Qc7 5. Bxc6 bxc6 6. 0-0 d6 7. exd6 Bxd6 8. Nc3 Nf6 9. d3 0-0 10. Bg5 Nd5 11. Ne4 Be7 12. Bxe7 Qxe7 13. Re1 f5 14. Nc3 Bb7 15. Nxd5 cxd5 16. d4 cxd4 17. Qxd4 Rac8 18. c3 a6 19. Qe5 Rf6 20. Re3 Rcf8 21. Rae1 Rg6 22. Nd4 f4 23. Rf3 Qh4 24. Nxe6 Qg4 25. Nxf4 Qxf3 26. g3 Qxf4 27. Qe7 Qxf2+ 0-1